Керамические пигменты на основе природного и техногенного минерального сырья: монография
| Egile nagusia: | |
|---|---|
| Erakunde egilea: | |
| Beste egile batzuk: | |
| Gaia: | Заглавие с титульного экрана Электронная версия печатной публикации В монографии представлены закономерности фазообразования и цветообразования керамических пигментов, синтезированных на основе природного и техногенного минерального сырья. Приведен вывод о расширении возможности синтеза пигментов сложных оксидно-силикатных структур за счет природных силикатов, алюмосиликатов и техногенных отходов, при этом расширена классификация керамических пигментов за счет структур диортосиликатов. Приведены количественные пределы встраивания ионов-хромофоров в структурах пигментов в зависимости от условий синтеза и типа кристаллических структур. Монография предназначена для специалистов в области технологии керамики, строительных материалов, а также для широкого круга научных работников, аспирантов и студентов вузов химико-технологического профиля. Режим доступа: из корпоративной сети ТПУ |
| Hizkuntza: | errusiera |
| Argitaratua: |
Томск, Изд-во ТПУ, 2014
|
| Gaiak: | |
| Sarrera elektronikoa: | http://www.lib.tpu.ru/fulltext2/m/2015/m072.pdf |
| Formatua: | Baliabide elektronikoa Liburua |
| KOHA link: | https://koha.lib.tpu.ru/cgi-bin/koha/opac-detail.pl?biblionumber=288783 |
MARC
| LEADER | 00000nlm0a2200000 4500 | ||
|---|---|---|---|
| 001 | 288783 | ||
| 005 | 20231102000125.0 | ||
| 035 | |a (RuTPU)RU\TPU\book\313267 | ||
| 035 | |a RU\TPU\book\290762 | ||
| 090 | |a 288783 | ||
| 100 | |a 20150327d2014 k y0rusy50 ca | ||
| 101 | 0 | |a rus | |
| 102 | |a RU | ||
| 105 | |a a z 001zy | ||
| 135 | |a drcn ---uucaa | ||
| 181 | 0 | |a i | |
| 182 | 0 | |a b | |
| 200 | 1 | |a Керамические пигменты на основе природного и техногенного минерального сырья |b Электронный ресурс |e монография |f М. Б. Седельникова, В. М. Погребенков |g Национальный исследовательский Томский политехнический университет (ТПУ) | |
| 203 | |a Текст |c электронный | ||
| 210 | |a Томск |c Изд-во ТПУ |d 2014 | ||
| 230 | |a 1 компьютерный файл (pdf; 9.0 MB) | ||
| 300 | |a Заглавие с титульного экрана | ||
| 300 | |a Электронная версия печатной публикации | ||
| 330 | |a В монографии представлены закономерности фазообразования и цветообразования керамических пигментов, синтезированных на основе природного и техногенного минерального сырья. Приведен вывод о расширении возможности синтеза пигментов сложных оксидно-силикатных структур за счет природных силикатов, алюмосиликатов и техногенных отходов, при этом расширена классификация керамических пигментов за счет структур диортосиликатов. Приведены количественные пределы встраивания ионов-хромофоров в структурах пигментов в зависимости от условий синтеза и типа кристаллических структур. Монография предназначена для специалистов в области технологии керамики, строительных материалов, а также для широкого круга научных работников, аспирантов и студентов вузов химико-технологического профиля. | ||
| 333 | |a Режим доступа: из корпоративной сети ТПУ | ||
| 337 | |a Adobe Reader | ||
| 606 | 1 | |a Пигменты керамические |2 stltpush |3 (RuTPU)RU\TPU\subj\34727 |9 56609 | |
| 610 | 1 | |a электронный ресурс | |
| 610 | 1 | |a монографии | |
| 610 | 1 | |a труды учёных ТПУ | |
| 610 | 1 | |a керамические пигменты | |
| 610 | 1 | |a природное сырье | |
| 610 | 1 | |a техногенное сырье | |
| 610 | 1 | |a минеральное сырье | |
| 610 | 1 | |a фазообразование | |
| 610 | 1 | |a цветообразование | |
| 610 | 1 | |a пигменты | |
| 610 | 1 | |a диортосиликаты | |
| 610 | 1 | |a синтез | |
| 610 | 1 | |a кристаллические структуры | |
| 610 | 1 | |a структурно-минералогические особенности | |
| 610 | 1 | |a силикатное сырье | |
| 675 | |a 666.29 |v 3 | ||
| 700 | 1 | |a Седельникова |b М. Б. |c химик-технолог |c доцент Томского политехнического университета, кандидат технических наук |f 1967- |g Мария Борисовна |2 stltpush |3 (RuTPU)RU\TPU\pers\26201 | |
| 701 | 1 | |a Погребенков |b В. М. |c химик-технолог |c профессор Томского политехнического университета, доктор технических наук |f 1954- |g Валерий Матвеевич |2 stltpush |3 (RuTPU)RU\TPU\pers\26404 | |
| 712 | 0 | 2 | |a Национальный исследовательский Томский политехнический университет (ТПУ) |b Институт физики высоких технологий (ИФВТ) |b Кафедра технологии силикатов и наноматериалов (ТСН) |h 93 |2 stltpush |3 (RuTPU)RU\TPU\col\18694 |
| 801 | 2 | |a RU |b 63413507 |c 20230112 |g RCR | |
| 856 | 4 | |u http://www.lib.tpu.ru/fulltext2/m/2015/m072.pdf | |
| 942 | |c CF | ||